जीत या हार / (Record no. 117027)

MARC details
000 -LEADER
fixed length control field 00923nam a22002537a 4500
005 - DATE AND TIME OF LATEST TRANSACTION
control field 20170124103048.0
010 ## - LIBRARY OF CONGRESS CONTROL NUMBER
LC control number B-063937
020 ## - INTERNATIONAL STANDARD BOOK NUMBER
Terms of availability 40.00
035 ## - SYSTEM CONTROL NUMBER
System control number B-063937
037 ## - SOURCE OF ACQUISITION
Source of stock number/acquisition Cen Lib/Ret
040 ## - CATALOGING SOURCE
Original cataloging agency DPL
Language of cataloging HN
082 ## - DEWEY DECIMAL CLASSIFICATION NUMBER
Classification number
Item number मधोक
100 ## - MAIN ENTRY--PERSONAL NAME
Personal name मधिक, बलराज
9 (RLIN) 69646
245 ## - TITLE STATEMENT
Title जीत या हार /
Statement of responsibility, etc बलराज मधिक
246 ## - VARYING FORM OF TITLE
Title proper/short title Jeet ya haar /
Remainder of title by Balraj Madhok
260 ## - PUBLICATION, DISTRIBUTION, ETC. (IMPRINT)
Place of publication, distribution, etc नयी दिल्ली
Name of publisher, distributor, etc हिन्दी साहित्य सदन
Date of publication, distribution, etc 1956
270 ## - ADDRESS
City नयी दिल्ली
Address 30/90, पी- कनाट सर्कस
Postal code 110001
300 ## - PHYSICAL DESCRIPTION
Extent 216पृ.
Dimensions 17सेमी (सजिल्द)
650 ## - SUBJECT ADDED ENTRY--TOPICAL TERM
Topical term or geographic name as entry element हिन्दी साहित्य
9 (RLIN) 69647
650 ## - SUBJECT ADDED ENTRY--TOPICAL TERM
Topical term or geographic name as entry element उपन्यास
9 (RLIN) 69648
650 ## - SUBJECT ADDED ENTRY--TOPICAL TERM
Topical term or geographic name as entry element Hindi literature
9 (RLIN) 69649
650 ## - SUBJECT ADDED ENTRY--TOPICAL TERM
Topical term or geographic name as entry element Fiction
9 (RLIN) 8901
942 ## - ADDED ENTRY ELEMENTS (KOHA)
Source of classification or shelving scheme Dewey Decimal Classification
Koha item type Hindi Books
Classification part
Call number suffix मधोक
Holdings
Withdrawn status Lost status Damaged status Not for loan Home library Current library Date acquired Source of acquisition Cost, normal purchase price Total Checkouts Full call number Barcode Date last seen Copy number Cost, replacement price Price effective from Koha item type
        Central Library Central Library 26/08/2015 Cen Lib/Ret 40.00   उ मधोक B-063937 26/08/2015 1 40.00 26/08/2015 Hindi Books

© Delhi Public Library
Hit Counter
free hit counter